00826cam a2200205 a 450000100100000000500170001000800410002704000320006808200180010010000280011824500810014626000380022730000210026549000180028665000310030465000350033595201160037095201170048699900170060300001809420200929165342.0961108s1998 nyu 000 1 eng d aDO-SdBNPbengcBNPHUdBNPHU a813.54bB651b1 aBlock, Lawrence.93922514aThe burglar in the library :ba Bernie Rhodenbarr mystery /cLawrence Block. aNew York :bPenguin Group,c1998. a368 p. ;c18 cm.1 aA Signet Book 4aNovela estadounidense9262 4aLiteratura estadounidense9263 001050718MOaGRbGRcHDd2010-04-14iLF1l0o813.54 B651bp18094-10r2020-06-25w2020-06-25y1ZNo se presta 0010507-18MOaPDbPDcOId2017-05-19iLF1l0o813.54 B651bp18094-20r2020-06-25w2020-06-25y1ZNo se presta c17616d17616